| 000 | 00554nam a2200217Ia 4500 | ||
|---|---|---|---|
| 003 | OSt | ||
| 005 | 20220107122745.0 | ||
| 008 | 130318s9999 xx 000 0 und d | ||
| 020 | _a9780749463427 | ||
| 040 | _cIIITM-K | ||
| 082 | _a658.456 BAR/H | ||
| 100 |
_aBarker, Alan _95164 |
||
| 245 |
_aHow to manage meetings _cby Alan Barker |
||
| 250 | _a2nd ed. | ||
| 260 |
_bKogan Page, _aNew Delhi, _c2011. |
||
| 300 | _avi, 170p. | ||
| 650 |
_aMANAGEMENT _95165 |
||
| 650 |
_aEXECUTIVE MANAGEMENT _95166 |
||
| 650 |
_aMEETINGS _95167 |
||
| 942 |
_2ddc _cBK |
||
| 999 |
_c4168 _d4168 |
||